000
002550000a22000970004500
100
1
_a
Hunter, Kent R.
245
1
0
_a
The character of the Lausanne covenant
300
_a
Vol. 16, Núm 57 (1989), Páginas 23-24
773
0
_t
World Evangelization
942
_c
ANA
999
_c
57911
_d
57911